Математический анализ: учебное пособие для вузов

Xehetasun bibliografikoak
Egile nagusia: Шершнев В. Г. Владимир Григорьевич
Gaia:Пособие подготовлено на основе лекций, читаемых автором на экономических факультетах РЭА им. Г.В. Плеханова. Содержит теоретический материал по разделам математического анализа: множества, пределы последовательностей и функций, дифференциальное исчисление функций одной и нескольких переменных: неопределенный и определенный интегралы, дифференциальные уравнения и ряды. Приводится решение характерных заданий.Пособие предназначено для студентов экономических специальностей.
Hizkuntza:errusiera
Argitaratua: Москва, Инфра-М, 2014
Saila:Высшее образование. Бакалавриат
Gaiak:
Formatua: MixedMaterials Liburua
KOHA link:https://koha.lib.tpu.ru/cgi-bin/koha/opac-detail.pl?biblionumber=241744

MARC

LEADER 00000nam0a2200000 4500
001 241744
005 20231101231835.0
010 |a 9785160054889 
035 |a (RuTPU)RU\TPU\book\263031 
090 |a 241744 
100 |a 20130819d2014 m y0rusy50 ca 
101 0 |a rus 
102 |a RU 
105 |a a j 001zy 
200 1 |a Математический анализ  |e учебное пособие для вузов  |f В. Г. Шершнев 
210 |a Москва  |c Инфра-М  |d 2014 
215 |a 287 с.  |c ил. 
225 1 |a Высшее образование. Бакалавриат 
320 |a Библиогр.: с. 281. 
330 |a Пособие подготовлено на основе лекций, читаемых автором на экономических факультетах РЭА им. Г.В. Плеханова. Содержит теоретический материал по разделам математического анализа: множества, пределы последовательностей и функций, дифференциальное исчисление функций одной и нескольких переменных: неопределенный и определенный интегралы, дифференциальные уравнения и ряды. Приводится решение характерных заданий.Пособие предназначено для студентов экономических специальностей. 
606 1 |a Математический анализ  |2 stltpush  |3 (RuTPU)RU\TPU\subj\41236  |9 61042 
610 1 |a учебные пособия 
610 1 |a множества 
610 1 |a функции 
610 1 |a пределы 
610 1 |a последовательности 
610 1 |a теоремы 
610 1 |a функции одной переменной 
610 1 |a дифференциальные исчисления 
610 1 |a производные 
610 1 |a дифференциалы 
610 1 |a формула Тейлора 
610 1 |a формула Маклорена 
610 1 |a функции нескольких переменных 
610 1 |a неопределенные интегралы 
610 1 |a определенные интегралы 
610 1 |a двойные интегралы 
610 1 |a дифференциальные уравнения 
610 1 |a числовые ряды 
610 1 |a степенные ряды 
675 |a 517(075.8)  |v 3 
700 1 |a Шершнев  |b В. Г.  |g Владимир Григорьевич 
801 1 |a RU  |b 63413507  |c 20130819 
801 2 |a RU  |b 63413507  |c 20160721  |g RCR 
900 |a Математический анализ 
942 |c BK 
955 |l 8 
959 |a 109/20130819  |d 2  |e 369,90  |f ЧЗТЛ:1  |f АНЛ:1